Telematické systémy prednášky

Bibliographic Details
Main Author: Levický, Dušan, 1948- (Author)
Format: Book
Language:Slovak
PhysicalDescription:128 strán schémy 29 cm
Published: Košice elfa, s.r.o. [1992]
Subjects:

MARC

LEADER 00000cam a2200000 4500
001 vtls012264920
003 SK-MaSNL
005 20260301060830.0
008 241007s1992 xo a f np 000 0 slo
015 |a SNBA1992 
020 |q (brožované) 
040 |a SNK  |b slo  |c SNK  |e rda 
041 0 |a slo 
044 |a xo  |c SK 
072 7 |a 621.39  |x Oznamovacia technika  |2 konspekt 
080 |a 621.38:621.39  |2 2011 
080 |a 654+004  |2 2001 
080 |a 371.671:378  |2 2001 
080 |a 621.391.3/.6  |2 2011 
100 1 |a Levický, Dušan,  |d 1948-  |4 aut  |9 214752 
245 1 0 |a Telematické systémy  |b prednášky  |c Dušan Levický 
264 1 |a Košice  |b elfa, s.r.o.  |c [1992] 
300 |a 128 strán  |b schémy  |c 29 cm 
336 |a text  |b txt  |2 rdacontent 
337 |a bez média  |b n  |2 rdamedia 
338 |a zväzok  |b nc  |2 rdacarrier 
500 |a Názov z obálky 
504 |a Obsahuje bibliografiu na strane 124-128 
650 0 7 |a rádioelektronika  |2 SNKPH  |9 4114 
650 0 7 |a Telematics  |2 SNKPHeng  |9 372778 
650 0 7 |a telematika  |2 SNKPH  |9 67213 
650 0 7 |a Radioelectronics  |2 SNKPHeng  |9 311771 
650 0 7 |a reprezentácia obrazov  |2 SNKPH  |9 372779 
650 0 7 |a prenos signálov  |2 SNKPH  |9 25773 
650 0 7 |a Signal transmission  |2 SNKPHeng  |9 317145 
655 7 |a učebnice vysokých škôl  |2 SNKPH  |9 70191 
655 7 |a Textbooks (higher)  |2 SNKPHeng  |9 276436 
710 2 |a Technická univerzita v Košiciach.  |b Fakulta elektrotechniky a informatiky  |4 pbl  |9 124217 
852 |a Slovenská národná knižnica 
954 |a odborná, vedecká literatúra pôvodná (slovenská)  |2 lita 
958 |a NB 
999 |c 616340  |d 618270 
952 |a SNK  |b SNK  |y PREZ  |7 0  |p 17A1536406  |o snkSB 100884  |i snk2024/15494  |8 7  |0 0  |1 0  |4 0  |d 2024-10-07  |l 0  |r 2026-02-23 16:38:54  |w 2026-02-23